Thiết kế lò hơi
Nội dung sách giới thiệu cách tính toán nhiệt lò hơi để xác định cấu tạo các bề mặt đốt trong lò, tính toán khí động để chọn các loại quạt gió, quạt khói. Tính toán sức bền để chọn vật liệu và bề dày cần thiết cho các bộ phận của...
Đã lưu trong:
| 主要作者: | |
|---|---|
| 格式: | 圖書 |
| 語言: | Undetermined |
| 出版: |
Thành phố Hồ Chí Minh
Đại học Bách khoa
1990
|
| 主題: | |
| 標簽: |
添加標簽
沒有標簽, 成為第一個標記此記錄!
|
| Thư viện lưu trữ: | Trung tâm Học liệu Trường Đại học Cần Thơ |
|---|
| LEADER | 00936nam a2200205Ia 4500 | ||
|---|---|---|---|
| 001 | CTU_148506 | ||
| 008 | 210402s9999 xx 000 0 und d | ||
| 020 | |c 7000 | ||
| 082 | |a 621.815 | ||
| 082 | |b K600 | ||
| 100 | |a Trần, Thanh Kỳ | ||
| 245 | 0 | |a Thiết kế lò hơi | |
| 245 | 0 | |c Trần Thanh Kỳ | |
| 260 | |a Thành phố Hồ Chí Minh | ||
| 260 | |b Đại học Bách khoa | ||
| 260 | |c 1990 | ||
| 520 | |a Nội dung sách giới thiệu cách tính toán nhiệt lò hơi để xác định cấu tạo các bề mặt đốt trong lò, tính toán khí động để chọn các loại quạt gió, quạt khói. Tính toán sức bền để chọn vật liệu và bề dày cần thiết cho các bộ phận của lò hơi. | ||
| 650 | |a Steam-heating | ||
| 904 | |i QHieu | ||
| 980 | |a Trung tâm Học liệu Trường Đại học Cần Thơ | ||